Statistiken für Top 15 der betroffenen Covid-19-Länder - 5. März 2021

Klicken Sie hier um das Quiz zu spielen!

Allgemein

  • Dieses Quiz wurde 13 mal gespielt
  • Das Durchschnittsergebnis liegt bei 18 aus 27

Antwortstatistiken

Land% Korrekt
Brasilien
100%
Deutschland
100%
Vereinigte Staaten
100%
Frankreich
92%
Indien
92%
Italien
92%
Russland
92%
Spanien
92%
Vereinigtes Königreich
92%
Mexiko
83%
Argentinien
75%
Polen
75%
Tschechien
75%
Belgien
67%
Kolumbien
67%
Niederlande
67%
Portugal
58%
Türkei
58%
Israel
50%
Iran
42%
Slowenien
42%
Panama
33%
Schweden
33%
Georgien
25%
Bahrain
17%
Litauen
17%
Schweiz
17%

Verteilung der Resultate

Perzentil nach korrekt beantworteten Fragen

Anzahl Personen mit jedem Resultat

Ihre Resultats-Entwicklung

Sie haben dieses Quiz noch nicht gespielt